Physica Exotica Sive Secreta Naturae Et Artis Laureatis Honoribus. Perillustrium, Reverendorum, Praenobilium, Nobilium Et Eruditorum Dominorum Dominorum Neo-Baccalaureorum. Dum In Alma Archi-Episcopali Universitate Tyrnaviensi Primâ AA. LL. & Philosophiae Laureâ insignirentur ; In Applausum Luci Publicae Data Et Oblata. Anno M.DCC.XVII. Kalendis Junij

Podrobná bibliografia
Hlavný autor: Gabon, Anton, 1677-1735 (Autor)
Korporatívny autor: Akademická tlačiareň (Trnava, Slovensko) (Tlačiar)
Médium: Kniha
Jazyk:latinčina
Fyzický popis:4 nečíslované stráany, 641 strán 13 cm
Predmet:

MARC

LEADER 00000nam a2200000 4500
001 vtls011978530
003 SK-MaSNL
005 20260301145616.0
008 210701s1717 xo a 0 0n0 lat
015 |a SNBHFA1717 
035 |a urn:nbn:sk:snk-am00fexv 
035 |a urn:nbn:sk:snk-am3ircn 
035 |a E09A9292-BB7B-40AB-9BF0-C573C9C71721 
040 |a SNKHF  |b slo  |c SNKHF  |e rda 
041 0 |a lat 
043 |a e-xo--- 
044 |a xo  |c SK 
072 7 |a 58  |x Botanika  |2 konspekt 
080 |a 58  |2 2011 
080 |a (035)  |2 2011 
100 1 |a Gabon, Anton,  |d 1677-1735  |4 aut  |9 198676 
245 1 0 |a Physica Exotica Sive Secreta Naturae Et Artis  |b Laureatis Honoribus. Perillustrium, Reverendorum, Praenobilium, Nobilium Et Eruditorum Dominorum Dominorum Neo-Baccalaureorum. Dum In Alma Archi-Episcopali Universitate Tyrnaviensi Primâ AA. LL. & Philosophiae Laureâ insignirentur ; In Applausum Luci Publicae Data Et Oblata. Anno M.DCC.XVII. Kalendis Junij  |c Promotore R. P. Antonio Gabon, é Soc. jesu, AA. LL. & Phil. Doctore, ejusdémque 
264 3 |a Tyrnaviae  |b typis Academicis, per Frider. Gall  |c 1717 
300 |a 4 nečíslované stráany, 641 strán  |c 13 cm 
336 |a text  |b txt  |2 rdacontent 
337 |a bez média  |b n  |2 rdamedia 
338 |a zväzok  |b nc  |2 rdacarrier 
500 |a Ozdobné linky. Ozdobné iniciály. Vinety. Zložky. Kustody 
504 |a Živé záhlavie. Venovanie 
508 |a Zoznam bakalárov: Gabriel Hermanus Patachich, Joannes Hampo, Joannes Horvath, Stephanus Borsos, Franciscus Joannes Sigray, Franciscus Petrikovics, Michael Jareczy, Georgius Gaffor, Emericus gersics, Paulus Banovskz, Laurentius Kuraty, Franciscus Ignatius Hartung, Georgius Kondlovics, Michael Olsay, Joannes Czabaffy, Josephus Bardy, Ioannes Prethy, Thadaeus Berdoczy, Laurentius Ratt, Adamus Schuny, Stephanus Sollinger, Paulus Cserlik, Blasius oroszhegyi, Matthias Grotovsky, Georgius Duby, Paulus Josephus Klenovics, Petrus Gegő, Stephanus Salamon, Joannes Polony, Sebastianus Kassay, michael Petrachich, Stephanus Mattyasfi, Joannes Chinoranyi, Stephanus Nedeczky, Stephanus Ravasz 
650 0 7 |a botanika  |2 SNKPH  |9 688 
655 7 |a príručky  |2 SNKPH  |9 74364 
700 1 |a Gall, Fridrich Anton,  |d činný 18. storočie  |4 bkp  |9 168309 
700 1 |a Patachich, Gabriel Hermanus  |4 oth  |9 505632 
700 1 |a Hampo, Joannes  |4 oth  |9 505633 
700 1 |a Horvath, Joannes  |4 oth  |9 505634 
700 1 |a Borsos, Stephanus  |4 oth  |9 505635 
700 1 |a Sigray, Franciscus Joannes  |4 oth  |9 505636 
700 1 |a Petrikovics, Franciscus  |4 oth  |9 505637 
700 1 |a Jareczy, Michael  |4 oth  |9 505638 
700 1 |a Gaffor, Georgius  |4 oth  |9 505639 
700 1 |a Gersicz, Emericus  |4 oth  |9 505640 
700 1 |a Banovskz, Paulus  |4 oth  |9 505641 
700 1 |a Kuraty, Laurentius  |4 oth  |9 505642 
700 1 |a Hartung, Franciscus Ignatius  |4 oth  |9 505643 
700 1 |a Kondlovics, Georgius  |4 oth  |9 505644 
700 1 |a Olsay, Michael  |4 oth  |9 505645 
700 1 |a Czabaffy, Joannes  |4 oth  |9 505646 
700 1 |a Bardy, Josephus  |4 oth  |9 505647 
700 1 |a Prethy, Ioannes  |4 oth  |9 505648 
700 1 |a Berdoczy, Thadaeus  |4 oth  |9 505649 
700 1 |a Ratt, Laurentius  |4 oth  |9 505650 
700 1 |a Schuny, Adamus  |4 oth  |9 505651 
700 1 |a Sollinger, Stephanus  |4 oth  |9 505652 
700 1 |a Cserlik, Paulus  |4 oth  |9 505653 
700 1 |a Oroszhegyi, Blasius  |4 oth  |9 505654 
700 1 |a Grotovsky, Matthias  |4 oth  |9 505655 
700 1 |a Duby, Georgius  |4 oth  |9 505656 
700 1 |a Klenovics, Paulus Josephus  |4 oth  |9 505657 
700 1 |a Gegő, Petrus  |4 oth  |9 505658 
700 1 |a Salamon, Stephanus  |4 oth  |9 505659 
700 1 |a Polony, Joannes  |4 oth  |9 505660 
700 1 |a Kassay, Sebastianus  |4 oth  |9 505661 
700 1 |a Petrachich, Michael  |4 oth  |9 505662 
700 1 |a Mattyasfi, Stephanus  |4 oth  |9 505663 
700 1 |a Chinoranyi, Joannes  |4 oth  |9 505664 
700 1 |a Nedeczky, Stephanus  |4 oth  |9 285606 
700 1 |a Ravasz, Stephanus  |4 oth  |9 505665 
710 2 |a Akademická tlačiareň (Trnava, Slovensko)  |4 prt  |9 232890 
752 |a Slovensko  |d Trnava 
958 |a DD 
958 |a ONDV 
999 |c 780739  |d 782669 
952 |a SNK  |b SNK  |y PREZ  |7 0  |p 17A0733523  |o snkSE 1536  |i snkKSF 199/57  |8 5  |0 0  |1 0  |4 0  |d 2020-07-03  |f 1  |l 0  |r 2026-02-24 01:03:38  |w 2026-02-24 
952 |a SNK  |b SNK  |y PREZ  |7 0  |p 17A1396100  |o snkSE 1536 D1  |i snkF 2613/69  |8 5  |0 0  |1 0  |4 0  |d 2020-07-03  |l 0  |r 2026-02-24 01:03:38  |w 2026-02-24